000 00355nam a22001457a 4500
003 OSt
005 20160727222349.0
008 160621b xxu||||| |||| 00| 0 eng d
040 _cTest
100 _9342
_aBuettner, C
245 _aWalf Disney's
_b101 dalmation
260 _aMy Golden Press.
_c1961
300 _aWalf Disney's:101 dalmation
942 _2ddc
_cBK
999 _c274
_d274